000 01535nam a22002057a 4500
003 OSt
005 20240408102817.0
008 231010s2009 ag ||||| |||| 00| 1 spa d
020 _a9789879267516
040 _cbesoc
100 _aFerroggiaro, Federico,
_d(1976-),
_eautor
245 1 3 _aEl pintor de delirios /
_cFederico Ferroggiaro
250 _a1a ed.
260 _aRosario :
_bemr,
_c2009
300 _a214 p.
505 0 _aLa pierna y el juego -- La carga -- Peón 4 Rey -- Terminal -- Lev Tanchevsky, el pintor de delirios -- La mansión de Sibyl Vane -- Curtius J. Santos, Oscar al Mejor actor de Reparto.-
520 _aEs una serie de relatos que cargan todo el peso y la ciencia de la estética realista pero no se someten por completo a sus convenciones, Federico Ferroggiaro logra en El pintor de delirios, a fuerza de invención y soltura simpática, una vuelta de tuerca sobre dos mecanismos narrativos capitales: la pintura de ambientes, la construcción de personajes. Ya sea en esos pueblos cuya parsimonia rural revierte en apuestas insólitas, en intrigas calculadas en presencias fantasmas, como en los escenarios urbanos que hacen de la urgencia, el aturdimiento, el equívoco, los núcleos fuertes de las historias, los cuentos de este libro crean climas y fundan caracteres; como si en la tensión siempre en alza de sus componentes, el mundo entero ganara, en un mismo y exacto movimiento, su razón y su extravío. [Nota del editor]
650 4 _aLiteratura argentina
_vRelatos
_xSiglo XXI
942 _2udc
_cOG
_n0
999 _c114
_d114